00297nam a22000977a 4500040000800000082002600008100004100034245008200075260002600157300001600183 crua a613 SHI 2006 C182 Or. aDivina D. Bawalan, Keith R. Chapman. aVirgin Coconut Oil: Production manual for micro-and village-scale processing. aPHNOM PENHbRUAc2006 a110p.bill.